[Event "Play for Durgesh Fundraiser Blitz"]
[Site "Vishy Anand Arena"]
[Date "2020.09.19"]
[Round "9"]
[White "Spoorthikiran"]
[Black "Kiruthi"]
[Result "0-1"]
[WhiteElo "1289"]
[BlackElo "1349"]
[Annotator "NA"]
[PlyCount "72"]
[EventDate "2020.09.19"]
[EventType "swiss (blitz)"]

1. d4 d5 2. Nf3 Nc6 3. e3 e6 4. Bd3 Nf6 5. O-O g6 6. Nbd2 Bg7 7. c4 b6 8. Re1 Bb7 9. cxd5 exd5 10. e4 dxe4 11. Nxe4 O-O 12. Nxf6+ Bxf6 13. Bh6 Re8 14. Rxe8+ Qxe8 15. d5 Ne5 16. Nxe5 Bxe5 17. Qc2 Bxd5 18. Qd2 Bg7 19. Bxg7 Kxg7 20. Qc3+ Kg8 21. Re1 Qd7 22. b4 Qg4 23. g3 Qf3 24. Be4 Qxc3 25. Bxd5 Qxe1+ 26. Kg2 Rd8 27. Bf3 Rd5 28. Bxd5 Qd2 29. Bf3 Qxa2 30. h4 Qb2 31. b5 Qxb5 32. g4 Qc5 33. g5 a5 34. Kg3 a4 35. Bd1 a3 36. Bb3 Qc3+ 0-1

[Event "Play for Durgesh Fundraiser Blitz"]
[Site "Vishy Anand Arena"]
[Date "2020.09.19"]
[Round "9"]
[White "nishu123"]
[Black "SaurabhGurbhele"]
[Result "1-0"]
[WhiteElo "1284"]
[BlackElo "1320"]
[Annotator "NA"]
[PlyCount "47"]
[EventDate "2020.09.19"]
[EventType "swiss (blitz)"]

1. e4 e5 2. f4 f6 3. Nf3 Nc6 4. Ng1 Bb4 5. Nf3 exf4 6. g3 Nge7 7. gxf4 Ba5 8. c3 Bb6 9. d4 f5 10. exf5 Nxf5 11. Be3 d5 12. Bd2 O-O 13. Qe2 Bxd4 14. Qd1 Be3 15. Bxe3 Nxe3 16. Qe2 Qe7 17. Qb5 Bf5 18. Be2 Nc2+ 19. Kd1 Nxa1 20. Qa4 Rfe8 21. Na3 Qxe2+ 22. Kc1 Qxf3 23. Rd1 Re2 24. b3 1-0

[Event "Play for Durgesh Fundraiser Blitz"]
[Site "Vishy Anand Arena"]
[Date "2020.09.19"]
[Round "9"]
[White "Sidhurajesh"]
[Black "Nisanth2107"]
[Result "1-0"]
[WhiteElo "1275"]
[BlackElo "1532"]
[Annotator "NA"]
[PlyCount "41"]
[EventDate "2020.09.19"]
[EventType "swiss (blitz)"]

1. e4 e5 2. d4 exd4 3. Bc4 Nc6 4. Nf3 Qe7 5. O-O Nf6 6. e5 Ng8 7. c3 dxc3 8. Nxc3 f6 9. exf6 Qxf6 10. Re1+ Be7 11. Bg5 Qg6 12. Nd5 Qd6 13. Nxe7 Ngxe7 14. Qxd6 cxd6 15. Bd5 Kf8 16. Bxc6 Nxc6 17. Rad1 h6 18. Bf4 g5 19. Bxd6+ Kg7 20. Ne5 Nxe5 21. Bxe5+ 1-0

[Event "Play for Durgesh Fundraiser Blitz"]
[Site "Vishy Anand Arena"]
[Date "2020.09.19"]
[Round "9"]
[White "Saharshkuna"]
[Black "Shivakrishna1990"]
[Result "0-1"]
[WhiteElo "1254"]
[BlackElo "1634"]
[Annotator "NA"]
[PlyCount "88"]
[EventDate "2020.09.19"]
[EventType "swiss (blitz)"]

1. e4 e5 2. Nf3 Nc6 3. Bc4 Nf6 4. Ng5 d5 5. exd5 Na5 6. Bb3 Nxb3 7. cxb3 Nxd5 8. Qf3 Qxg5 9. d4 Qe7 10. Qxd5 exd4+ 11. Kd2 Be6 12. Qf3 O-O-O 13. Re1 Qb4+ 14. Kd1 h5 15. a3 Qd6 16. Bf4 Qb6 17. b4 Bg4 18. Qxg4+ hxg4 19. Re4 Qc6 20. Nd2 f6 21. Bxc7 Kxc7 22. Rc1 Qxc1+ 23. Kxc1 f5 24. Rf4 g6 25. h3 Bd6 26. Rxd4 gxh3 27. gxh3 Rxh3 28. Rc4+ Kb8 29. Kc2 Rc8 30. Rxc8+ Kxc8 31. Kd1 Be5 32. Ke1 Bxb2 33. a4 Bc3 34. b5 Rh1+ 35. Ke2 Bxd2 36. Kxd2 Ra1 37. Ke2 Rxa4 38. Kd2 Kd7 39. Ke2 Kd6 40. Kd2 Kd5 41. Kc3 Kc5 42. Kb3 Kxb5 43. Kc3 Kc5 44. Kb2 Kc4 0-1

[Event "Play for Durgesh Fundraiser Blitz"]
[Site "Vishy Anand Arena"]
[Date "2020.09.19"]
[Round "9"]
[White "Vivaan harjani"]
[Black "shaarav heda"]
[Result "1-0"]
[WhiteElo "1251"]
[BlackElo "1166"]
[Annotator "NA"]
[PlyCount "31"]
[EventDate "2020.09.19"]
[EventType "swiss (blitz)"]

1. e4 e5 2. Nf3 Nc6 3. Nc3 Nf6 4. Bb5 d6 5. Bxc6+ bxc6 6. d4 exd4 7. Nxd4 Bg4 8. f3 Bc8 9. Nxc6 Qd7 10. Nd4 Ba6 11. Nd5 Nxd5 12. exd5 g6 13. Qe2+ Be7 14. Qxa6 Bf6 15. Qc6 Qxc6 16. Nxc6 1-0

[Event "Play for Durgesh Fundraiser Blitz"]
[Site "Vishy Anand Arena"]
[Date "2020.09.19"]
[Round "9"]
[White "RIJUD"]
[Black "Vvalsaraju"]
[Result "0-1"]
[WhiteElo "1201"]
[BlackElo "1419"]
[Annotator "NA"]
[PlyCount "76"]
[EventDate "2020.09.19"]
[EventType "swiss (blitz)"]

1. c4 c5 2. Nc3 Nf6 3. Nf3 e6 4. e4 d6 5. Be2 Bd7 6. O-O Be7 7. d3 Nc6 8. b3 a6 9. Bb2 O-O 10. Na4 Re8 11. e5 b5 12. exf6 Bxf6 13. Bxf6 Qxf6 14. Nb6 Rad8 15. Nxd7 Rxd7 16. Ne1 d5 17. f4 dxc4 18. dxc4 Rxd1 19. Rxd1 Nd4 20. Bf3 Nxf3+ 21. Nxf3 Qxf4 22. g3 Qe3+ 23. Kg2 bxc4 24. Rfe1 Qc3 25. bxc4 Qxc4 26. Rd2 Qc3 27. Red1 h6 28. Ne1 c4 29. Nc2 a5 30. Nd4 e5 31. Nb5 Qb4 32. Nd6 Rd8 33. Ne4 Rxd2+ 34. Rxd2 c3 35. Rd8+ Kh7 36. Nd6 c2 37. Rc8 Qd2+ 38. Kh3 Qxd6 0-1

[Event "Play for Durgesh Fundraiser Blitz"]
[Site "Vishy Anand Arena"]
[Date "2020.09.19"]
[Round "9"]
[White "Vishykrish"]
[Black "Dhruvika"]
[Result "1-0"]
[WhiteElo "1141"]
[BlackElo "1188"]
[Annotator "NA"]
[PlyCount "39"]
[EventDate "2020.09.19"]
[EventType "swiss (blitz)"]

1. d4 e6 2. e4 d6 3. e5 dxe5 4. dxe5 Bd7 5. Nc3 Be7 6. Be3 Nh6 7. Bb5 O-O 8. Bxd7 Nxd7 9. Bxh6 gxh6 10. Qg4+ Kh8 11. Nf3 Bg5 12. Nxg5 hxg5 13. O-O-O Rg8 14. Qa4 h6 15. Rxd7 Qe8 16. Rd4 Qc8 17. Rd7 Qb8 18. Rxf7 Re8 19. Qe4 Rd8 20. Qh7# 1-0

[Event "Play for Durgesh Fundraiser Blitz"]
[Site "Vishy Anand Arena"]
[Date "2020.09.19"]
[Round "9"]
[White "Jiakher"]
[Black "Monideepbanerjee"]
[Result "0-1"]
[WhiteElo "1131"]
[BlackElo "1431"]
[Annotator "NA"]
[PlyCount "65"]
[EventDate "2020.09.19"]
[EventType "swiss (blitz)"]

1. e4 e5 2. d3 d6 3. Nf3 f5 4. Ng5 h6 5. Nh3 fxe4 6. dxe4 Bxh3 7. gxh3 Qh4 8. Qg4 Qxg4 9. hxg4 Nf6 10. Bh3 Nxe4 11. Bg2 d5 12. Bxe4 dxe4 13. Nc3 Nc6 14. Nb5 O-O-O 15. Nxa7+ Nxa7 16. Be3 b6 17. Rf1 Bc5 18. Bd2 Rhf8 19. f4 exf4 20. Bxf4 Bd6 21. Be3 Rxf1+ 22. Kxf1 Rf8+ 23. Bf2 Bxh2 24. Kg2 Bd6 25. Kh3 Rxf2 26. c4 Rxb2 27. Re1 Rxa2 28. Rxe4 Ra4 29. Re8+ Kb7 30. Re6 Rxc4 31. Rg6 Bf8 32. Rxg7 Bxg7 33. Kh4 0-1